| 000 | 01258nam a22003497a 4500 | ||
|---|---|---|---|
| 003 | CHAP | ||
| 005 | 20220329142027.0 | ||
| 008 | 990311d1992 mx a r 00110 spa d | ||
| 010 | _a77255 | ||
| 011 | _a78227 | ||
| 035 | _a88093 | ||
| 040 | _cCHAP | ||
| 090 | _aTesis | ||
| 100 | 0 | 0 |
_aHuesca Rivera, Celestino. _956727 |
| 245 | 1 | 0 |
_aAnálisis fractal de los rendimientos medios anuales de frijol en México desde 1897 hasta 1992 _c/por Celestino Huesca Rivera |
| 260 |
_aChapingo, Méx. : _bEl autor, _c1999. |
||
| 300 |
_a37 h. : _bilus. ; gráfs. ; cuadros |
||
| 502 | _aTesis (Ing. Agr. Esp. en Fitotecnia) -- UACH. Departamento de Fitotecnia | ||
| 590 |
_aALEPH _b10 _c20130110 _lUCH01 _h1428 |
||
| 590 |
_aBATCH-UPD _b10 _c20130110 _lUCH01 _h2100 |
||
| 590 |
_aBATCH-UPD _b10 _c20130410 _lUCH01 _h1413 |
||
| 590 |
_aBATCH-UPD _b10 _c20130914 _lUCH01 _h1442 |
||
| 590 |
_aCONVERSION _b10 _c20130109 _lUCH01 _h1343 |
||
| 650 | 1 | 4 |
_aFrijol _xMéxico. _943408 |
| 650 | 1 | 4 |
_aFrijol _xRendimiento. _943429 |
| 901 | _aBK | ||
| 905 | _aAlejandra Carrasco M. | ||
| 942 | _cFOLL | ||
| 949 |
_bBC _cTES _d33724000714531 _eTS2 _fc.2 _h33806 _i88093 _sb |
||
| 949 |
_bBC _cTES _d33724000747812 _eTS2 _fc.3 _h35867 _i88093 _sb |
||
| 949 |
_bBC _cTES _d880931 _eTS1 _h33805 _i88093 _sb |
||
| 999 |
_c77255 _d77255 |
||